Growth, Equality an the mexican experience. /

Guardado en:
Autor Principal: Singer, Morris.
Formato: Libro
Idioma:English
Publicado: Austin : University of Texas, 1969.
Etiquetas: Agregar Etiqueta
Sin Etiquetas, Sea el primero en etiquetar este registro!
LEADER 00441nam a22001455a 4500
001 EUN.um010742
003 AR-BaUNS
005 20050623122854.0
008 041125s1969####xxu###########000#0#eng#d
245 1 0 |a Growth, Equality an the mexican experience. /  |c Morris Singer. 
260 |a Austin :  |b University of Texas,  |c 1969. 
300 |a 341 p. 
100 1 |a Singer, Morris. 
082 0 4 |a 330.972 
859 |a Ar-BaUNS  |b BIB. CENTRAL - Sector C  |h 330.972  |i Si64  |p 56193/970